Vizualizácia procesov riadených PLC S7-200

Salvato in:
Dettagli Bibliografici
Autore principale: Vlček, Tomáš (Autore)
Altri autori: Balogh, Richard, 1969- (Relatore della tesi)
Natura: Manoscritto Libro
Lingua:slovacco
Pubblicazione: Bratislava : STU v Bratislave FEI, 2007
Soggetti:
Tags: Aggiungi Tag
Nessun Tag, puoi essere il primo ad aggiungerne!!

MARC

LEADER 00000ntm a22000003a 4500
001 stu142938
005 20160719165037.5
008 070702s2007------------------------slo-d
040 |a STU  |b slo 
041 0 |a slo 
100 1 |a Vlček, Tomáš  |4 aut 
245 1 |a Vizualizácia procesov riadených PLC S7-200 
260 |a Bratislava :  |b STU v Bratislave FEI,  |c 2007 
300 |a 84 s 
650 7 |a automatizácia  |2 stusub 
650 7 |a vizualizácia procesov  |2 stusub 
650 7 |a PLC  |2 stusub 
700 1 |a Balogh, Richard,  |d 1969-  |4 ths  |u E010  |T FEI Ústav riadenia a priemyselnej informatiky  |X 3706  |U E010  |Y E010  |7 A000003706